Introduction to the practice of Dewey decimal classification (Record no. 16002)

MARC details
000 -LEADER
fixed length control field 00456nam a2200157Ia 4500
082 ## - DEWEY DECIMAL CLASSIFICATION NUMBER
Classification number 025.431 SAT-;
100 ## - MAIN ENTRY--AUTHOR NAME
Personal name Satija, M.P.
245 #0 - TITLE STATEMENT
Title Introduction to the practice of Dewey decimal classification
260 ## - PUBLICATION, DISTRIBUTION, ETC. (IMPRINT)
Place of publication Banglore
Name of publisher Sterling Publishers
Year of publication 1987
300 ## - PHYSICAL DESCRIPTION
Number of Pages 152p.
650 ## - SUBJECT ADDED ENTRY--TOPICAL TERM
Topical Term Library science
650 ## - SUBJECT ADDED ENTRY--TOPICAL TERM
Topical Term Classification - Books
650 ## - SUBJECT ADDED ENTRY--TOPICAL TERM
Topical Term Library education
650 ## - SUBJECT ADDED ENTRY--TOPICAL TERM
Topical Term Classification, Dewey decimal - Study and teaching
942 ## - ADDED ENTRY ELEMENTS (KOHA)
Koha item type Books
Holdings
Withdrawn status Lost status Damaged status Not for loan Home library Current library Date acquired Bill Date Full call number Accession Number Price effective from Koha item type
        NASSDOC Library NASSDOC Library 08/06/2004 2004-10-22 025.431 SAT-; 26112 18/04/2019 Books